El movimiento al socialismo (MAS) Venezolano /
保存先:
| 第一著者: | |
|---|---|
| フォーマット: | テキスト |
| 主題: | |
| タグ: |
タグ追加
タグなし, このレコードへの初めてのタグを付けませんか!
|
MARC
| LEADER | 00000 a a2200000 04500 | ||
|---|---|---|---|
| 001 | 44322 | ||
| 003 | |||
| 040 | |||
| 100 | |a Petkoff, Teododo | ||
| 245 | |a El movimiento al socialismo (MAS) Venezolano / |c Teodoro Petkoff | ||
| 650 | |a SOCIALISMO | ||
| 650 | |a VENEZUELA | ||
| 650 | |a CAPITALISMO | ||
| 650 | |a PARTIDOS POLITICOS | ||
| 650 | |a COMUNISMO | ||
| 773 | |g volumen43, número3 ( , 1981), páginas 1121- 1139 | ||
| 999 | |c 27879 |d 27879 | ||
